000 00689nam a2200181 i 4500
001 163420
003 ES-MaACL
005 20251015063143.0
008 050726s1866 sp | |||||||| ||spa d
080 _a656.2(460)
100 1 _aReynals y Rabassa, Estanislao,
_d1822-1876
_9131758
245 1 4 _aLas compañías de ferro-carriles y el Estado /
_cpor Estanislao Reynals y Rabassa.
260 _aBarcelona :
_b[s.n.],
_c1866 (
_fImp. del Diario de Barcelona)
300 _a44 p. ;
_c24 cm.
650 4 _aFerrocarriles-
_zEspaña-
_yS. XIX.
_912762
852 4 _aES-MaACL
_jT-76-F-7
_z- Enc. hol., falto de la enc. original
_z- Enc. en un vol. facticio
999 _c163420
_d163420